书目信息 |
| 题名: |
西夏史
|
|
| 作者: | 唐荣尧 著 | |
| 分册: | ||
| 出版信息: | 西安 陕西师范大学出版总社 2016 |
|
| 页数: | 285页 | |
| 开本: | 25cm | |
| 丛书名: | ||
| 单 册: | ||
| 中图分类: | K246.307 | |
| 科图分类: | ||
| 主题词: | 中国历史--研究--西夏 | |
| 电子资源: | ||
| ISBN: | 978-7-5613-6865-7 | |
| 000 | 00867nam0 2200217 450 | |
| 001 | 3594 | |
| 005 | 20180527170549.53 | |
| 010 | @a978-7-5613-6865-7@dCNY42.00 | |
| 100 | @a20150920d2016 em y0chiy50 ea | |
| 101 | 0 | @achi |
| 102 | @aCN@b610000 | |
| 105 | @aaf z 000yy | |
| 200 | 1 | @a西夏史@9xi xia shi@f唐荣尧著 |
| 210 | @a西安@c陕西师范大学出版总社@d2016 | |
| 215 | @a285页@c图@d25cm | |
| 330 | @a这是一本快速了解西夏的书,一把开启西夏之门的钥匙。作者通过对西夏文明的探索,对西夏王族后裔足迹的追寻,真实的再现了一个铁血民族党项的传奇故事,讲述了古丝绸之路上消逝的西夏王朝190年的兴衰史。呈现出独具特色的文化、信仰、风俗和精美文物、遗迹,以及西夏王朝在政治、经济、军事、文化、宗教等方面的成就。 | |
| 606 | 0 | @a中国历史@x研究@z西夏 |
| 690 | @aK246.307@v5 | |
| 701 | 0 | @a唐荣尧@9tang rong yao@4著 |
| 801 | 0 | @aCN@b91MARC@c20150920 |
| 905 | @aMuseLib@dK246.307@e25 | |
| 西夏史/唐荣尧著.-西安:陕西师范大学出版总社,2016 |
| 285页:图;25cm |
| ISBN 978-7-5613-6865-7:CNY42.00 |
| 这是一本快速了解西夏的书,一把开启西夏之门的钥匙。作者通过对西夏文明的探索,对西夏王族后裔足迹的追寻,真实的再现了一个铁血民族党项的传奇故事,讲述了古丝绸之路上消逝的西夏王朝190年的兴衰史。呈现出独具特色的文化、信仰、风俗和精美文物、遗迹,以及西夏王朝在政治、经济、军事、文化、宗教等方面的成就。 |
| ● |
| 相关链接 |
|
|
|
|
正题名:西夏史
索取号:K246.307/25
 
预约/预借
| 序号 | 登录号 | 条形码 | 馆藏地/架位号 | 状态 | 备注 |
| 1 | 1109828 | 211098284 | 第二样本阅览室/ [索取号:K246.307/25] | 在馆 | |
| 2 | 1109829 | 211098293 | 教育系资料室/ [索取号:K246.307/25] | 在馆 | |
| 3 | 1109830 | 211098300 | 教育系资料室/ [索取号:K246.307/25] | 在馆 | |
| 4 | 1109831 | 211098319 | 第二借阅区/ [索取号:K246.307/25] | 在馆 |